Vista normal Vista MARC

Entrada Nombre Personal

Número de registros utilizados en: 1

001 - NUMERO DE CONTROL

  • control field: 27650

003 - IDENTIFICADOR DEL NÚMERO DE CONTROL

  • control field: AR-RoUNA

005 - FECHA Y HORA DE LA ÚLTIMA TRANSACCIÓN

  • control field: 20260319102017.0

008 - ELEMENTOS DE DATOS DE LONGITUD FIJA

  • fixed length control field: 260319|| aca||aabn | a|a d

040 ## - FUENTE DE CATALOGACIÓN

  • Original cataloging agency: AR-RoUNA
  • Transcribing agency: AR-RoUNA

100 ## - ENCABEZADO--NOMBRE PERSONAL

  • Nombre personal: Direccion General de Comunicación Social. Municipalidad de Rosario

670 ## - FUENTE EN LA QUE SE LOCALIZARON DATOS

  • Cita fuente: Work cat.: (AR-RoUNA)12367: Direccion General de Comunicación Social. Municipalidad de Rosario, Programa de recuperacion y transformacion urbana. La ciudad de Rosario de siglo XXI /, 1998/2000